[Event "Rhein Main op-B 16th"]
[Site "Bad Homburg"]
[Date "2013.06.01"]
[Round "5"]
[White "Diener, Carolin Valeria"]
[Black "Greulich, Jan"]
[Result "0-1"]
[WhiteElo "1730"]
[BlackElo "1910"]
[PlyCount "56"]
[EventDate "2013.05.29"]
[EventType "swiss"]
[EventRounds "7"]
[EventCountry "GER"]
[SourceTitle "EXT 2014"]
[Source "ChessBase"]
[SourceDate "2013.11.20"]
[SourceVersion "1"]
[SourceVersionDate "2013.11.20"]
[SourceQuality "1"]

1. e4 d5 2. exd5 Qxd5 3. Nc3 Qd6 4. d4 Nf6 5. Nf3 c6 6. h3 Bf5 7. Be3 e6 8. Be2 Nbd7 9. Qd2 Qc7 10. 0-0-0 Nd5 11. Nh4 Bb4 12. Nxf5 exf5 13. Bc4 N7f6 14. Qe2 Nxc3 15. bxc3 Ba3+ 16. Kb1 0-0 17. Ka1 Rfe8 18. Qf3 Qa5 19. Bd2 Ne4 20. g4 Nxd2 21. Rxd2 f4 22. Rd3 Bd6 23. h4 Re7 24. Rdd1 Ba3 25. Rhg1 Re3 26. Qxe3 fxe3 27. Rd3 exf2 28. Rf1 Re8 0-1

[Event "Rheinland Pfalz op 3rd"]
[Site "Gau Algesheim"]
[Date "2011.07.30"]
[Round "4"]
[White "Jansen, Dirk Norbert"]
[Black "Greulich, Jan"]
[Result "1/2-1/2"]
[WhiteElo "2172"]
[BlackElo "1924"]
[PlyCount "83"]
[EventDate "2011.07.28"]
[EventType "swiss"]
[EventRounds "7"]
[EventCountry "GER"]
[SourceTitle "EXT 2013"]
[Source "ChessBase"]
[SourceDate "2012.11.22"]
[SourceVersion "1"]
[SourceVersionDate "2012.11.22"]
[SourceQuality "1"]

1. e4 e5 2. Nf3 Nc6 3. Bb5 a6 4. Bxc6 dxc6 5. 0-0 Bg4 6. h3 h5 7. d3 Qf6 8. Nbd2 Ne7 9. Re1 Ng6 10. d4 Bd6 11. hxg4 hxg4 12. Nh2 Rxh2 13. Qxg4 Qh4 14. Qxh4 Rxh4 15. Nf3 Rh5 16. c3 0-0-0 17. Be3 exd4 18. cxd4 c5 19. dxc5 Bxc5 20. g4 Rh3 21. Ng5 Rxe3 22. fxe3 Ne5 23. Re2 Rd3 24. Rae1 Be7 25. Nh3 Nf3+ 26. Kf2 Nxe1 27. Kxe1 Kd7 28. Nf4 Bb4+ 29. Kf2 Rd2 30. Rxd2+ Bxd2 31. e5 Bb4 32. Kf3 Be7 33. Ke4 b5 34. Nh5 Bf8 35. g5 c5 36. b3 Kc6 37. Nf4 c4 38. bxc4 bxc4 39. e6 fxe6 40. Nxe6 Be7 41. Kd4 g6 42. e4 1/2-1/2